Effect of VMD- AMINOVIT supplements in concentrated feed on growth performance of quail in animal station's rua, ឥទ្ធិពលនៃការបន្ថែមVMD- AMINOVIT ក្នុងចំណីផ្សំលើការលូតលាស់របស់ក្រួច នៅស្ថានីយចិញ្ចឹមសត្វនៃសាកលវិទ្យាល័យភូមិន្ទកសិកម្ម (Record no. 2601)

000 -LEADER
fixed length control field 00794nam a22001577a 4500
003 - CONTROL NUMBER IDENTIFIER
control field OSt
005 - DATE AND TIME OF LATEST TRANSACTION
control field 20151024135446.0
008 - FIXED-LENGTH DATA ELEMENTS--GENERAL INFORMATION
fixed length control field 151024b xxu||||| |||| 00| 0 eng d
040 ## - CATALOGING SOURCE
Transcribing agency RUA
082 ## - DEWEY DECIMAL CLASSIFICATION NUMBER
Classification number AVM WAN 2012 B102 Or.1
100 ## - MAIN ENTRY--PERSONAL NAME
9 (RLIN) 2781
Personal name WANN, CHINDA.
245 ## - TITLE STATEMENT
Title Effect of VMD- AMINOVIT supplements in concentrated feed on growth performance of quail in animal station's rua, ឥទ្ធិពលនៃការបន្ថែមVMD- AMINOVIT ក្នុងចំណីផ្សំលើការលូតលាស់របស់ក្រួច នៅស្ថានីយចិញ្ចឹមសត្វនៃសាកលវិទ្យាល័យភូមិន្ទកសិកម្ម
260 ## - PUBLICATION, DISTRIBUTION, ETC. (IMPRINT)
Place of publication, distribution, etc. Phnom Penh
Name of publisher, distributor, etc. RUA
Date of publication, distribution, etc. 2012
300 ## - PHYSICAL DESCRIPTION
Extent x; 47p.
Other physical details ill.
Dimensions 29cm.
942 ## - ADDED ENTRY ELEMENTS (KOHA)
Source of classification or shelving scheme
Koha item type AVM
Holdings
Price effective from Date last seen Permanent Location Not for loan Date acquired Source of classification or shelving scheme Koha item type Barcode Lost status Damaged status Shelving location Withdrawn status Current Location Full call number
2015-10-242015-10-24Library Block B 2015-10-24 AVMRUA015215  B102 Library Block BAVM WAN 2012 B102 Or.1
2015-10-242017-02-10Library Block B 2015-10-24 AVMRUA018900  B102 Library Block BAVM WAN 2012 B102 Or.2
2015-10-242015-10-24Library Block B 2015-10-24 AVMRUA018972  B102 Library Block BAVM WAN 2012 B102 Or.3
2015-10-282015-10-28Library Block B 2015-10-28 AVMRUA012728  B102 Library Block BAVM WAN 2012 B102 Or.4
មជ្ឈមណ្ឌលឯការនៃសាកលវិទ្យាល័យភូមិន្ទកសិកម្មចំការដូង

Powered by Koha